Food and agricultural legislation. (Record no. 3598)

MARC details
000 -LEADER
fixed length control field 03607cas a2200817 a 4500
001 - CONTROL NUMBER
control field 11150140
003 - CONTROL NUMBER IDENTIFIER
control field OSt
005 - DATE AND TIME OF LATEST TRANSACTION
control field 20230704094630.0
008 - FIXED-LENGTH DATA ELEMENTS--GENERAL INFORMATION
fixed length control field 750824d19521987it fr l i0 0eng c
010 ## - LIBRARY OF CONGRESS CONTROL NUMBER
LC control number 56058929
Canceled/invalid LC control number sn 86035261
016 7# - NATIONAL BIBLIOGRAPHIC AGENCY CONTROL NUMBER
Record control number 9876053
Source DNLM
016 7# - NATIONAL BIBLIOGRAPHIC AGENCY CONTROL NUMBER
Record control number F09460000
Source DNLM
016 7# - NATIONAL BIBLIOGRAPHIC AGENCY CONTROL NUMBER
Record control number 001264945
Source Uk
022 ## - INTERNATIONAL STANDARD SERIAL NUMBER
International Standard Serial Number 0015-6221
ISSN-L 0015-6221
035 ## - SYSTEM CONTROL NUMBER
System control number (OCoLC)ocm01569611
040 ## - CATALOGING SOURCE
Original cataloging agency MUL
Language of cataloging eng
Transcribing agency MUL
Modifying agency FUL
-- YUS
-- OCL
-- NOH
-- RCS
-- OCL
-- NYG
-- NST
-- NYP
-- IUL
-- DLC
-- AGL
-- NLM
-- OCLCQ
-- HVL
-- DLC
-- NLGGC
-- DLC
-- CUI
-- OCLCQ
-- OCLCF
-- OCLCO
-- OCLCQ
-- OCLCA
-- UKMGB
-- NLVRD
-- OCLCO
-- OCLCA
-- J9U
-- OCLCO
042 ## - AUTHENTICATION CODE
Authentication code pcc
050 00 - LIBRARY OF CONGRESS CALL NUMBER
Classification number K3870.A47
Item number F66
050 14 - LIBRARY OF CONGRESS CALL NUMBER
Classification number KJ643
Item number .F6
070 0# - NATIONAL AGRICULTURAL LIBRARY CALL NUMBER
Classification number 389.59
Item number F732
072 #0 - SUBJECT CATEGORY CODE
Subject category code X000
082 04 - DEWEY DECIMAL CLASSIFICATION NUMBER
Classification number 344.04
Item number FAO
222 #0 - KEY TITLE
Key title Food and agricultural legislation
245 00 - TITLE STATEMENT
Title Food and agricultural legislation.
260 ## - PUBLICATION, DISTRIBUTION, ETC. (IMPRINT)
Place of publication, distribution, etc. Rome, Italy :
Name of publisher, distributor, etc. Food and Agriculture Organization of the United Nations,
Date of publication, distribution, etc. 1952-1988.
300 ## - PHYSICAL DESCRIPTION
Extent 36 volumes ;
Dimensions 25 cm
310 ## - CURRENT PUBLICATION FREQUENCY
Current publication frequency Semiannual,
Date of current publication frequency 1970-1987
321 ## - FORMER PUBLICATION FREQUENCY
Former publication frequency Quarterly,
Dates of former publication frequency 1952-1969
336 ## - CONTENT TYPE
Content type term text
Content type code txt
Source rdacontent
337 ## - MEDIA TYPE
Media type term unmediated
Media type code n
Source rdamedia
338 ## - CARRIER TYPE
Carrier type term volume
Carrier type code nc
Source rdacarrier
362 0# - DATES OF PUBLICATION AND/OR SEQUENTIAL DESIGNATION
Dates of publication and/or sequential designation Vol. 1, no. 1 (1952)-v. 36, no. 2 (Dec. 1987).
500 ## - GENERAL NOTE
General note Title from cover.
530 ## - ADDITIONAL PHYSICAL FORM AVAILABLE NOTE
Additional physical form available note Also issued online.
546 ## - LANGUAGE NOTE
Language note Published in three separate editions, English, French, and Spanish.
555 ## - CUMULATIVE INDEX/FINDING AIDS NOTE
Cumulative index/finding aids note Country index, v. 1 (1952)-v. 10 (1962). 1 v.; Subject index, v. 1 (1952)-v. 10 (1962). 1 v.
580 ## - LINKING ENTRY COMPLEXITY NOTE
Linking entry complexity note Continues: Annuaire international de législation agricole published by the International Institute of Agriculture, 1911-46.
580 ## - LINKING ENTRY COMPLEXITY NOTE
Linking entry complexity note Merged with: Recueil de législation alimentation et agriculture; and: Colección legislativa agricultura y alimentación to form: Food and agricultural legislation (Rome, Italy : 1989).
590 ## - LOCAL NOTE (RLIN)
Local note SERBIB/SERLOC merged record
650 #0 - SUBJECT ADDED ENTRY--TOPICAL TERM
Topical term or geographic name as entry element Agricultural laws and legislation.
650 #0 - SUBJECT ADDED ENTRY--TOPICAL TERM
Topical term or geographic name as entry element Land tenure
General subdivision Law and legislation.
650 #0 - SUBJECT ADDED ENTRY--TOPICAL TERM
Topical term or geographic name as entry element Produce trade
General subdivision Law and legislation.
650 #0 - SUBJECT ADDED ENTRY--TOPICAL TERM
Topical term or geographic name as entry element Food law and legislation.
650 #2 - SUBJECT ADDED ENTRY--TOPICAL TERM
Topical term or geographic name as entry element Agriculture
General subdivision legislation & jurisprudence.
650 #2 - SUBJECT ADDED ENTRY--TOPICAL TERM
Topical term or geographic name as entry element Legislation, Food.
650 #7 - SUBJECT ADDED ENTRY--TOPICAL TERM
Topical term or geographic name as entry element Agricultural laws and legislation.
Source of heading or term fast
Authority record control number (OCoLC)fst00801020
650 #7 - SUBJECT ADDED ENTRY--TOPICAL TERM
Topical term or geographic name as entry element Food law and legislation.
Source of heading or term fast
Authority record control number (OCoLC)fst00930954
650 #7 - SUBJECT ADDED ENTRY--TOPICAL TERM
Topical term or geographic name as entry element Land tenure
General subdivision Law and legislation.
Source of heading or term fast
Authority record control number (OCoLC)fst00991383
650 #7 - SUBJECT ADDED ENTRY--TOPICAL TERM
Topical term or geographic name as entry element Produce trade
General subdivision Law and legislation.
Source of heading or term fast
Authority record control number (OCoLC)fst01078157
650 17 - SUBJECT ADDED ENTRY--TOPICAL TERM
Topical term or geographic name as entry element Agrarisch recht.
Source of heading or term gtt
650 17 - SUBJECT ADDED ENTRY--TOPICAL TERM
Topical term or geographic name as entry element Levensmiddelen.
Source of heading or term gtt
650 17 - SUBJECT ADDED ENTRY--TOPICAL TERM
Topical term or geographic name as entry element Recht.
Source of heading or term gtt
650 #7 - SUBJECT ADDED ENTRY--TOPICAL TERM
Topical term or geographic name as entry element Agricultural laws and legislation.
Source of heading or term nli
650 #7 - SUBJECT ADDED ENTRY--TOPICAL TERM
Topical term or geographic name as entry element Land tenure
General subdivision Law and legislation.
Source of heading or term nli
650 #7 - SUBJECT ADDED ENTRY--TOPICAL TERM
Topical term or geographic name as entry element Produce trade
General subdivision Law and legislation.
Source of heading or term nli
650 #7 - SUBJECT ADDED ENTRY--TOPICAL TERM
Topical term or geographic name as entry element Food law and legislation.
Source of heading or term nli
650 #7 - SUBJECT ADDED ENTRY--TOPICAL TERM
Topical term or geographic name as entry element Agriculture.
Source of heading or term pplt
650 #7 - SUBJECT ADDED ENTRY--TOPICAL TERM
Topical term or geographic name as entry element Legislation.
Source of heading or term pplt
650 #7 - SUBJECT ADDED ENTRY--TOPICAL TERM
Topical term or geographic name as entry element Food.
Source of heading or term pplt
655 #2 - INDEX TERM--GENRE/FORM
Genre/form data or focus term Periodical.
710 2# - ADDED ENTRY--CORPORATE NAME
Corporate name or jurisdiction name as entry element Food and Agriculture Organization of the United Nations.
776 08 - ADDITIONAL PHYSICAL FORM ENTRY
Relationship information Online version:
Title Food and agricultural legislation
Record control number (OCoLC)608062166
780 10 - PRECEDING ENTRY
Title Annuaire international de législation agricole
Record control number (DLC) 14004582
-- (OCoLC)1481466
785 17 - SUCCEEDING ENTRY
Title Recueil de législation alimentation et agriculture
Record control number (OCoLC)39343983
785 17 - SUCCEEDING ENTRY
Title Colección legislativa agricultura y alimentación
785 17 - SUCCEEDING ENTRY
Title Food and agricultural legislation (Rome, Italy : 1989)
International Standard Serial Number 1014-7055
Record control number (DLC)sn 95044477
-- (OCoLC)33346879
906 ## - LOCAL DATA ELEMENT F, LDF (RLIN)
a 7
b cbc
c serials
d u
e ncip
f 19
g n-oclcserc
942 ## - ADDED ENTRY ELEMENTS (KOHA)
Source of classification or shelving scheme Dewey Decimal Classification
Koha item type Books
Holdings
Withdrawn status Lost status Source of classification or shelving scheme Damaged status Not for loan Home library Current library Date acquired Total Checkouts Full call number Barcode Date last seen Price effective from Koha item type
    Dewey Decimal Classification     County Hall Archives County Hall Archives 07/04/2023   344.04 FAO 10001703 07/04/2023 07/04/2023 Books
LIBRARY OPENING HOURS

When the Parliament is sitting: 8.00a.m - 7.00p.m or until the house adjourns
Mondays and Fridays and when the House is on Recess:  8.00a.m - 5.00p.m
Closed on Weekends and Public Holidays

Online Public Access Catalog (OPAC)
Website: http://www.parliament.go.ke
Bunge Library: https://libraryir.parliament.go.ke
Contact: library@parliament.go.ke | Tel no: (254-2)2221291 or 2848000 Ext 5043